Every ERB Character - Statistics

General Stats
  • This quiz has been taken 99 times
  • The average score is 93 of 207
Answer Stats
Info Character % Correct
1889-1945 Adolf Hitler
95%
Fictional Darth Vader
95%
1946– Donald Trump
79%
1809-1965 Abraham Lincoln
77%
1878-1953 Joseph Stalin
76%
1961– Barack Obama
73%
1870-1924 Vladimir Lenin
71%
1952– Vladimir Putin
71%
1947– Hillary Clinton
70%
1940-1980 John Lennon
70%
1931-2022 Mikhail Gorbachev
68%
1869-1916 Grigori Rasputin
67%
1452-1519 Leonardo Da Vinci
67%
Fictional Mario
67%
1879-1955 Albert Einstein
65%
1386-1466 Donatello
65%
Fictional Luigi
65%
536BC-523BC Alexander the Great
64%
69BC-30BC Cleopatra
64%
1942– Joe Biden
64%
1942-2018 Stephen Hawking
64%
Fictional Batman
62%
1955– Bill Gates
62%
1530-1584 Ivan the Terrible
62%
1475-1564 Michelangelo
62%
1947– Mitt Romney
62%
1483-1520 Raphael
62%
1968– Tony Hawk
62%
?-1227 Genghis Khan
61%
1926-1962 Marilyn Monroe
61%
1929-1968 Martin Luther King Jr.
61%
1871-1948 Orville Wright
61%
1955-2011 Steve Jobs
61%
1867-1912 Wilbur Wright
61%
Apparently Fictional Easter Bunny
59%
Fictional Ebenezer Scrooge
59%
Fictional The Burger King
59%
1874-1965 Winston Churchill
59%
1729-1796 Catherine the Great
58%
1732/33-1799 George Washington
58%
Fictional Harry Potter
58%
?-? Moses
58%
106BC-48BC Pompey the Great
58%
Fictional Sherlock Holmes
58%
1858-1919 Theodore Roosevelt
58%
?-? Adam
56%
?-? Eve
56%
Fictional Luke Skywalker
56%
Very Real Santa Claus
56%
1949– Bill O’Reilly
55%
Fictional Boba Fett
55%
1712-1786 Frederick the Great
55%
Fictional x4 Ghostbusters
55%
1942-2016 Muhammad Ali
55%
1769-1821 Napoleon Bonaparte
55%
Fictional Napoleon Dynamite
55%
1953– Hulk Hogan
53%
1412-1431 Joan of Arc
53%
1979– Nice Peter
53%
551BC-479BC Confucius
52%
1977– EpicLLOYD
52%
1941-2011 Kim Jong Il
52%
1756-1791 Wolfgang Amadeus Mozart
52%
1940– Chuck Norris
50%
1904-1991 Dr. Seuss
50%
Fictional Indiana Jones
50%
100BC-44BC Julius Caesar
50%
1994– Justin Bieber
50%
1986– Lady Gaga
50%
1770-1827 Ludwig van Beethoven
50%
1958-2009 Michael Jackson
50%
1988– Skrillex
50%
?-399BC Socrates
50%
1922-2018 Stan Lee
50%
1947– Stephen King
50%
1743-1826 Thomas Jefferson
50%
Fictional Bruce Banner/The Hulk
48%
1935-1977 Elvis Presley
48%
1643-1727 Isaac Newton
48%
Fictional Lara Croft
48%
1869-1947 Mahatma Ghandi
48%
Fictional Master Chief
48%
1963– Michael Jordan
48%
1899-1980 Alfred Hitchcock
47%
1949– Bruce/Caitlyn Jenner
47%
Fictional Deadpool
47%
571BC-? Lao Tzu
47%
1952-2011 Randy Savage
47%
Fictional Robin
47%
1947– Steven Spielberg
47%
?-? Sun Tzu
47%
1955– Bill Nye
45%
1948– George R. R. Martin
45%
1992– Miley Cyrus
45%
1963– Quentin Tarantino
45%
1157-1199 Richard the Lionheart
45%
1564-1616 William Shakespeare
45%
Fictional Ash Ketchum
44%
1910-1934 Bonnie Parker
44%
Fictional Cat in the Hat
44%
1809-1882 Charles Darwin
44%
Fictional Dr. Watson
44%
1818-1895 Frederick Douglass
44%
1844-1900 Frederick Nietzsche
44%
Fictional Ronald McDonald
44%
1964– Sarah Palin
44%
1928-1999 Stanley Kubrick
44%
Fictional Thor
44%
1909-1934 Clyde Barrow
42%
1694-1778 Francois Voltaire
42%
1977– Kanye West
42%
1965– Michael Bay
42%
Fictional The Joker
42%
Fictional x2 Thing 1 & Thing 2
42%
Fictional x4 TMNT
42%
1961– Wayne Gretzky
42%
1270-1305 William Wallace
42%
Fictional Zeus
42%
1452-1519 Christopher Columbus
41%
1809-1849 Edgar Allan Poe
41%
1964– Jeff Bezos
41%
1837-1913 J. P. Morgan
41%
1892-1973 J. R. R. Tolkien
41%
?-480BC Leonidas
41%
1856-1943 Nikola Tesla
41%
Fictional Pennywise
41%
1787-1828 Shaka Zulu
41%
Fictional Superman
41%
1707-1790 Benjamin Franklin
39%
Fictional Captain Kirk
39%
Fictional Goku
39%
Fictional John Wick
39%
1904-1967 J. Robert Oppenheimer
39%
?-? Mansa Musa
39%
Fictional Stay Puft Marshmallow Man
39%
1950– Stevie Wonder
39%
Fictional Wendy
39%
?-? Jack the Ripper
38%
1958– Neil Degrasse Tyson
38%
Fictional Thanos
38%
1847-1931 Thomas Edison
38%
Fictional x2 Bill and Ted
36%
1940-1973 Bruce Lee
36%
Fictional Hannibal Lecter
36%
Fictional John Rambo
36%
1774-1809 Meriwether Lewis
36%
Fictional The Doctor
36%
1770-1838 William Clark
36%
1958-2009 Billy Mays
35%
1930– Clint Eastwood
35%
1966– Gordon Ramsay
35%
1895-1948 Babe Ruth
33%
Fictional Freddy Krueger
33%
1937-2008 George Carlin
33%
1936-1990 Jim Henson
33%
1912-2004 Julia Child
33%
1971– Lance Armstrong
33%
Fictional Albus Dumbledore
32%
Fictional Austin Powers
32%
1937– Bill Cosby
32%
Fictional Count Dracula
32%
Fictional Doc Brown
32%
1971– Elon Musk
32%
1915-1998 Frank Sinatra
32%
Fictional Gandalf
32%
Fictional x2* James Bond
32%
1940-2005 Richard Pryor
32%
1951-2014 Robin Williams
32%
1901-1966 Walt Disney
32%
Fictional Wolverine
32%
Fictional Wonder Woman
32%
1946-1991 Freddie Mercury
30%
1750-1606 Guy Fawkes
30%
1881-1973 Pablo Picasso
30%
?-865 Ragnar Lodbrok
30%
1962-2006 Steve Irwin
30%
1431-1476 Vlad the Impaler
30%
1942-1995 Bob Ross
29%
1928-1967 Che Guevara
29%
Fictional Juliet Capulet
29%
1984– Mark Zuckerberg
29%
?-1718 Blackbeard
27%
1958– Ellen DeGeneres
27%
1933-2014 Joan Rivers
27%
Fictional John McClane
27%
1928-2003 Mr. Rogers
27%
1952– Mr. T
27%
1954– Oprah Winfrey
27%
Fictional Walter White
27%
1967– Adam Savage
26%
1899-1947 Al Capone
26%
Fictional Rick Grimes
26%
Fictional Terminator
26%
1910-1997 Jacques Cousteau
24%
1910-1997 Mother Teresa
24%
Fictional RoboCop
24%
Fictional Romeo Montague
24%
1964– Vince Offer
23%
1970-2020 Grant Imahara
21%
1956– Jamie Hyneman
21%
1856-1939 Sigmund Freud
21%
1974– Kari Byron
20%
1970– Tory Belleci
20%
1956– David Copperfield
18%
Fictional Grim Reaper
18%
1874-1926 Harry Houdini
18%
Fictional Marty McFly
17%
No matching quizzes found
Score Distribution
Percent of People with Each Score
Percentile by Number Answered
Your Score History
You have not taken this quiz